Women In Utah History (Record no. 353203)
[ view plain ]
| 000 -LEADER | |
|---|---|
| fixed length control field | 00497nam a2200121Ia 4500 |
| 008 - FIXED-LENGTH DATA ELEMENTS--GENERAL INFORMATION | |
| fixed length control field | 171212s9999 xx 000 0 und d |
| 020 ## - INTERNATIONAL STANDARD BOOK NUMBER | |
| International Standard Book Number | 9780874216257 |
| 245 ## - TITLE STATEMENT | |
| Statement of responsibility, etc | editor Scott, Patricia Lyn;Thatcher, Linda |
| Title | Women In Utah History |
| Remainder of title | Paradigm Or Paradox? |
| 260 ## - PUBLICATION, DISTRIBUTION, ETC. (IMPRINT) | |
| Name of publisher, distributor, etc | University Press of Colorado |
| Date of publication, distribution, etc | 2005 |
| 650 ## - SUBJECT ADDED ENTRY--TOPICAL TERM | |
| Topical term or geographic name as entry element | History |
| 650 ## - SUBJECT ADDED ENTRY--TOPICAL TERM | |
| Topical term or geographic name as entry element | Women -- Utah -- History; Women -- Utah -- Social conditions; Utah -- History; Utah -- Social conditions |
| 856 ## - ELECTRONIC LOCATION AND ACCESS | |
| Uniform Resource Identifier | <a href="www.jstor.org/stable/10.2307/j.ctt4cgr1m">www.jstor.org/stable/10.2307/j.ctt4cgr1m</a> |
| Withdrawn status | Lost status | Damaged status | Home library | Current library | Date acquired | Total Checkouts | Full call number | Date last seen | Price effective from | Koha item type |
|---|---|---|---|---|---|---|---|---|---|---|
| College Library | College Library | 12/12/2017 | HQ1438.U8W66 2005 | 12/12/2017 | 12/12/2017 | Curriculum - Based eBooks |